000 00258nam a22000857a 4500
008 160708b xxu||||| |||| 00| 0 eng d
100 _92415
_aSheldon, G.W
245 _aThe Political Philosophy of Thomas Jefferson
260 _aLondon
_b Johns Hopkins Uni.Press
_c1991
999 _c2090
_d2090